000
00233nam a22000857a 4500
008
160914b xxu||||| |||| 00| 0 eng d
100
_9
477
_a
Anand.R. etal.
245
_a
Connect With Grammer- 6
260
_a
New Delhi
_b
Tata Publications
_c
2012
999
_c
3134
_d
3134